[Event "Memorial Kurnosova 2017"]
[Site "?"]
[Date "2017.09.09"]
[Round "9.6"]
[White "Predke, Alexandr"]
[Black "Ovetchkin, Roman"]
[Result "1-0"]
[LiveChessVersion "1.4.8"]
[BlackElo "2489"]
[WhiteElo "2592"]

1. e4 {[%clk 0:15:15]} c6 {[%clk 0:15:19]} 2. Nc3 {[%clk 0:15:14]} d5
{[%clk 0:15:28]} 3. d4 {[%clk 0:15:22]} dxe4 {[%clk 0:15:35]} 4. Nxe4
{[%clk 0:15:31]} Nf6 {[%clk 0:15:34]} 5. Nxf6+ {[%clk 0:15:37]} gxf6
{[%clk 0:15:43]} 6. c3 {[%clk 0:15:32]} Nd7 {[%clk 0:15:51]} 7. Nf3
{[%clk 0:15:33]} Nb6 {[%clk 0:15:59]} 8. Bf4 {[%clk 0:14:34]} h5 {[%clk 0:14:59]}
9. h3 {[%clk 0:13:37]} Qd5 {[%clk 0:14:34]} 10. Bd3 {[%clk 0:12:51]} Bf5
{[%clk 0:13:49]} 11. O-O {[%clk 0:12:39]} Rg8 {[%clk 0:12:39]} 12. Bg3
{[%clk 0:12:26]} e6 {[%clk 0:10:57]} 13. a4 {[%clk 0:11:22]} O-O-O
{[%clk 0:08:22]} 14. a5 {[%clk 0:10:11]} Nc4 {[%clk 0:08:27]} 15. a6
{[%clk 0:09:10]} b6 {[%clk 0:08:02]} 16. Bxf5 {[%clk 0:08:05]} Qxf5
{[%clk 0:08:09]} 17. Nh4 {[%clk 0:07:33]} Qd5 {[%clk 0:05:38]} 18. Qe2
{[%clk 0:05:05]} Bd6 {[%clk 0:04:32]} 19. b3 {[%clk 0:05:14]} Na5
{[%clk 0:04:38]} 20. c4 {[%clk 0:04:36]} Qxd4 {[%clk 0:03:38]} 21. Rad1
{[%clk 0:04:43]} Qc5 {[%clk 0:03:37]} 22. Rxd6 {[%clk 0:04:34]} Rxd6
{[%clk 0:03:44]} 23. Bxd6 {[%clk 0:04:43]} Qxd6 {[%clk 0:03:49]} 24. Qxh5
{[%clk 0:04:51]} Qe7 {[%clk 0:02:39]} 25. c5 {[%clk 0:04:29]} Nxb3
{[%clk 0:00:47]} 26. cxb6 {[%clk 0:04:33]} axb6 {[%clk 0:00:55]} 27. Rb1
{[%clk 0:04:28]} Nc5 {[%clk 0:00:57]} 28. Rxb6 {[%clk 0:04:22]} Kc7
{[%clk 0:01:04]} 29. Rb1 {[%clk 0:04:13]} f5 {[%clk 0:00:37]} 30. Qe2
{[%clk 0:03:12]} Ra8 {[%clk 0:00:13]} 31. Qb2 {[%clk 0:01:49]} Qd6
{[%clk 0:00:13]} 32. a7 {[%clk 0:01:02]} 1-0

[Event "Memorial Kurnosova 2017"]
[Site "?"]
[Date "2017.09.09"]
[Round "9.7"]
[White "Khanin, Semen"]
[Black "Smirnov, Pavel"]
[Result "1/2-1/2"]
[LiveChessVersion "1.4.8"]
[BlackElo "2588"]
[WhiteElo "2415"]

1. e4 {[%clk 0:15:18]} c5 {[%clk 0:14:43]} 2. Nf3 {[%clk 0:15:26]} e6
{[%clk 0:14:18]} 3. d4 {[%clk 0:15:33]} cxd4 {[%clk 0:14:27]} 4. Nxd4
{[%clk 0:15:41]} Nf6 {[%clk 0:14:19]} 5. Nc3 {[%clk 0:15:47]} Nc6
{[%clk 0:14:27]} 6. Ndb5 {[%clk 0:15:53]} d6 {[%clk 0:14:35]} 7. Bf4
{[%clk 0:16:01]} e5 {[%clk 0:14:43]} 8. Bg5 {[%clk 0:16:09]} a6 {[%clk 0:14:52]}
9. Na3 {[%clk 0:16:17]} b5 {[%clk 0:15:01]} 10. Bxf6 {[%clk 0:16:21]} gxf6
{[%clk 0:15:09]} 11. Nd5 {[%clk 0:16:30]} Bg7 {[%clk 0:15:18]} 12. c3
{[%clk 0:16:31]} f5 {[%clk 0:15:23]} 13. exf5 {[%clk 0:16:39]} Bxf5
{[%clk 0:15:30]} 14. Nc2 {[%clk 0:16:47]} Be6 {[%clk 0:15:09]} 15. Nce3
{[%clk 0:16:55]} Ne7 {[%clk 0:15:01]} 16. Nxe7 {[%clk 0:16:31]} Qxe7
{[%clk 0:15:07]} 17. Bd3 {[%clk 0:16:20]} d5 {[%clk 0:14:08]} 18. Nf5
{[%clk 0:16:08]} Qg5 {[%clk 0:13:04]} 19. Qh5 {[%clk 0:12:42]} Bf6
{[%clk 0:08:43]} 20. Qxg5 {[%clk 0:12:34]} Bxg5 {[%clk 0:08:51]} 21. Ng7+
{[%clk 0:12:24]} Ke7 {[%clk 0:09:00]} 22. Nxe6 {[%clk 0:12:32]} Kxe6
{[%clk 0:09:08]} 23. a4 {[%clk 0:12:11]} e4 {[%clk 0:08:24]} 24. Be2
{[%clk 0:11:03]} b4 {[%clk 0:07:50]} 25. h4 {[%clk 0:10:45]} Bf6 {[%clk 0:07:29]}
26. Rh3 {[%clk 0:10:53]} bxc3 {[%clk 0:06:35]} 27. bxc3 {[%clk 0:11:00]} a5
{[%clk 0:05:53]} 28. Rb1 {[%clk 0:10:06]} Rab8 {[%clk 0:05:54]} 29. Bb5
{[%clk 0:08:58]} Rbc8 {[%clk 0:05:19]} 30. Kd2 {[%clk 0:08:49]} Rhg8
{[%clk 0:05:24]} 31. Bf1 {[%clk 0:08:39]} Rb8 {[%clk 0:05:12]} 32. Rxb8
{[%clk 0:08:13]} Rxb8 {[%clk 0:05:20]} 33. Bb5 {[%clk 0:08:11]} Rc8
{[%clk 0:04:48]} 34. Ba6 {[%clk 0:07:05]} Rg8 {[%clk 0:04:27]} 35. g3
{[%clk 0:05:51]} Be5 {[%clk 0:04:22]} 36. Rh1 {[%clk 0:05:42]} Rb8
{[%clk 0:03:35]} 37. Bb5 {[%clk 0:04:51]} f5 {[%clk 0:03:43]} 38. Rb1
{[%clk 0:03:59]} Rc8 {[%clk 0:02:57]} 39. Rb3 {[%clk 0:03:50]} f4
{[%clk 0:03:05]} 40. gxf4 {[%clk 0:03:56]} Bxf4+ {[%clk 0:03:13]} 41. Ke2
{[%clk 0:04:02]} Be5 {[%clk 0:03:16]} 42. Kd2 {[%clk 0:03:43]} Rf8
{[%clk 0:03:20]} 43. Ke2 {[%clk 0:02:34]} Rf3 {[%clk 0:03:29]} 44. Bc6
{[%clk 0:01:40]} Bxc3 {[%clk 0:03:18]} 45. Rb5 {[%clk 0:00:55]} Rd3
{[%clk 0:03:26]} 46. f3 {[%clk 0:00:39]} Rd2+ {[%clk 0:02:55]} 47. Ke3
{[%clk 0:00:49]} Rd3+ {[%clk 0:02:14]} 48. Ke2 {[%clk 0:00:57]} Ke5
{[%clk 0:01:49]} 49. fxe4 {[%clk 0:00:41]} Kxe4 {[%clk 0:01:58]} 50. Rb7
{[%clk 0:00:42]} Rd2+ {[%clk 0:01:51]} 51. Kf1 {[%clk 0:00:51]} h5
{[%clk 0:01:05]} 52. Be8 {[%clk 0:00:47]} Rh2 {[%clk 0:01:06]} 53. Bxh5
{[%clk 0:00:39]} Rxh4 {[%clk 0:01:11]} 54. Be8 {[%clk 0:00:39]} Bb4
{[%clk 0:01:06]} 55. Bc6 {[%clk 0:00:38]} Rh6 {[%clk 0:01:01]} 56. Rc7
{[%clk 0:00:44]} Kd4 {[%clk 0:00:44]} 57. Bb7 {[%clk 0:00:37]} Rh1+
{[%clk 0:00:44]} 58. Ke2 {[%clk 0:00:45]} Rh2+ {[%clk 0:00:52]} 59. Kf3
{[%clk 0:00:45]} Rd2 {[%clk 0:00:59]} 60. Ba8 {[%clk 0:00:41]} Ke5
{[%clk 0:00:58]} 61. Rd7 {[%clk 0:00:33]} Bc5 {[%clk 0:00:54]} 62. Bc6
{[%clk 0:00:41]} Bd6 {[%clk 0:00:43]} 63. Ra7 {[%clk 0:00:46]} Bb4
{[%clk 0:00:45]} 64. Rd7 {[%clk 0:00:53]} d4 {[%clk 0:00:48]} 65. Rd5+
{[%clk 0:00:46]} Ke6 {[%clk 0:00:56]} 66. Ke4 {[%clk 0:00:52]} Bc3
{[%clk 0:01:00]} 67. Bd7+ {[%clk 0:00:59]} Ke7 {[%clk 0:01:08]} 68. Bb5
{[%clk 0:01:07]} Rd1 {[%clk 0:01:11]} 69. Kf5 {[%clk 0:01:07]} Rh1
{[%clk 0:00:31]} 70. Rd7+ {[%clk 0:01:15]} Kf8 {[%clk 0:00:39]} 71. Rd8+
{[%clk 0:01:19]} Ke7 {[%clk 0:00:46]} 72. Rd7+ {[%clk 0:01:28]} Kf8
{[%clk 0:00:54]} 73. Rd8+ {[%clk 0:01:37]} Ke7 {[%clk 0:01:03]} 1/2-1/2

[Event "Memorial Kurnosova 2017"]
[Site "?"]
[Date "2017.09.09"]
[Round "9.8"]
[White "Iljiushenok, Ilia"]
[Black "Yumakhuzhin, Vadim"]
[Result "1-0"]
[LiveChessVersion "1.4.8"]
[BlackElo "2250"]
[WhiteElo "2563"]

1. e4 {[%clk 0:15:17]} c5 {[%clk 0:15:19]} 2. Nc3 {[%clk 0:15:26]} Nc6
{[%clk 0:15:26]} 3. Bb5 {[%clk 0:15:33]} g6 {[%clk 0:14:36]} 4. Bxc6
{[%clk 0:15:41]} bxc6 {[%clk 0:13:54]} 5. d3 {[%clk 0:13:07]} Bg7
{[%clk 0:13:59]} 6. f4 {[%clk 0:12:50]} Rb8 {[%clk 0:13:22]} 7. Nf3
{[%clk 0:12:46]} Nf6 {[%clk 0:07:34]} 8. O-O {[%clk 0:12:16]} O-O
{[%clk 0:07:42]} 9. h3 {[%clk 0:11:36]} d5 {[%clk 0:05:49]} 10. e5
{[%clk 0:11:45]} Ne8 {[%clk 0:05:53]} 11. b3 {[%clk 0:11:43]} Nc7
{[%clk 0:04:29]} 12. Na4 {[%clk 0:08:16]} Na6 {[%clk 0:02:25]} 13. Ba3
{[%clk 0:07:45]} Rb5 {[%clk 0:00:58]} 14. c4 {[%clk 0:07:05]} Ra5
{[%clk 0:01:06]} 15. Qe2 {[%clk 0:06:37]} f6 {[%clk 0:00:50]} 16. Rad1
{[%clk 0:06:39]} fxe5 {[%clk 0:00:53]} 17. Nxe5 {[%clk 0:05:54]} Qc7
{[%clk 0:01:01]} 18. Rc1 {[%clk 0:05:27]} Rd8 {[%clk 0:00:40]} 19. Qe3
{[%clk 0:05:00]} d4 {[%clk 0:00:40]} 20. Qf3 {[%clk 0:04:33]} Rf8
{[%clk 0:00:29]} 21. Rce1 {[%clk 0:03:56]} Qd6 {[%clk 0:00:14]} 22. Nxc6
{[%clk 0:03:56]} Rxa4 {[%clk 0:00:11]} 23. Nxe7+ {[%clk 0:03:29]} Qxe7
{[%clk 0:00:19]} 24. Rxe7 {[%clk 0:03:38]} Rxa3 {[%clk 0:00:28]} 25. Qd5+
{[%clk 0:03:24]} Kh8 {[%clk 0:00:37]} 26. Rfe1 {[%clk 0:03:32]} Bf5
{[%clk 0:00:16]} 27. Re8 {[%clk 0:03:29]} h5 {[%clk 0:00:12]} 28. Rxf8+
{[%clk 0:03:24]} Bxf8 {[%clk 0:00:21]} 29. Re8 {[%clk 0:03:20]} Kg7
{[%clk 0:00:29]} 30. Qb7+ {[%clk 0:03:29]} 1-0

[Event "Memorial Kurnosova 2017"]
[Site "?"]
[Date "2017.09.09"]
[Round "9.9"]
[White "Stupak, Kirill"]
[Black "Gunina, Valentina"]
[Result "0-1"]
[LiveChessVersion "1.4.8"]
[BlackElo "2528"]
[WhiteElo "2546"]

1. d4 {[%clk 0:15:18]} Nf6 {[%clk 0:15:19]} 2. g3 {[%clk 0:15:26]} e6
{[%clk 0:15:09]} 3. Bg2 {[%clk 0:15:34]} d5 {[%clk 0:15:17]} 4. Nf3
{[%clk 0:15:41]} Be7 {[%clk 0:15:02]} 5. c4 {[%clk 0:15:48]} O-O {[%clk 0:14:44]}
6. O-O {[%clk 0:15:55]} Nbd7 {[%clk 0:14:50]} 7. Nc3 {[%clk 0:15:42]} dxc4
{[%clk 0:14:34]} 8. e4 {[%clk 0:14:42]} c6 {[%clk 0:14:27]} 9. a4
{[%clk 0:14:41]} b6 {[%clk 0:12:58]} 10. Qe2 {[%clk 0:14:18]} a5 {[%clk 0:13:07]}
11. Rd1 {[%clk 0:14:19]} Ba6 {[%clk 0:13:01]} 12. Bf4 {[%clk 0:14:04]} Bb4
{[%clk 0:12:29]} 13. Nd2 {[%clk 0:13:04]} Ne8 {[%clk 0:12:10]} 14. Nxc4
{[%clk 0:12:49]} Bxc3 {[%clk 0:11:47]} 15. bxc3 {[%clk 0:12:53]} g5
{[%clk 0:11:55]} 16. Bc1 {[%clk 0:09:05]} Nd6 {[%clk 0:11:50]} 17. Qg4
{[%clk 0:09:14]} f5 {[%clk 0:10:57]} 18. exf5 {[%clk 0:06:45]} exf5
{[%clk 0:11:06]} 19. Qxg5+ {[%clk 0:03:36]} Qxg5 {[%clk 0:11:14]} 20. Bxg5
{[%clk 0:03:45]} Nxc4 {[%clk 0:10:58]} 21. Bxc6 {[%clk 0:03:51]} Ra7
{[%clk 0:11:07]} 22. Re1 {[%clk 0:03:52]} Nf6 {[%clk 0:11:04]} 23. Re6
{[%clk 0:03:33]} Kg7 {[%clk 0:10:59]} 24. Rae1 {[%clk 0:03:05]} Bc8
{[%clk 0:11:06]} 25. R6e2 {[%clk 0:03:06]} Rc7 {[%clk 0:10:58]} 26. Bf3
{[%clk 0:02:48]} Bb7 {[%clk 0:10:03]} 27. Bxb7 {[%clk 0:00:46]} Rxb7
{[%clk 0:10:12]} 28. Re6 {[%clk 0:00:54]} Rc7 {[%clk 0:08:05]} 29. f3
{[%clk 0:01:03]} h6 {[%clk 0:08:02]} 30. Bf4 {[%clk 0:01:09]} Rcc8
{[%clk 0:08:10]} 31. Kf2 {[%clk 0:01:01]} Nb2 {[%clk 0:07:56]} 32. Ke2
{[%clk 0:00:11]} Rxc3 {[%clk 0:07:59]} 33. Rxb6 {[%clk 0:00:15]} Nd3
{[%clk 0:06:57]} 34. Rb7+ {[%clk 0:00:14]} Kg6 {[%clk 0:07:01]} 35. Bd2
{[%clk 0:00:13]} Re8+ {[%clk 0:07:03]} 36. Kf1 {[%clk 0:00:14]} Rxe1+
{[%clk 0:06:59]} 37. Bxe1 {[%clk 0:00:23]} Nxe1 {[%clk 0:07:02]} 38. Kxe1
{[%clk 0:00:31]} Rc4 {[%clk 0:07:07]} 39. Rb5 {[%clk 0:00:23]} Rxa4
{[%clk 0:07:15]} 40. Ke2 {[%clk 0:00:32]} Ra2+ {[%clk 0:07:11]} 41. Ke3
{[%clk 0:00:40]} a4 {[%clk 0:07:18]} 42. h4 {[%clk 0:00:33]} Rc2 {[%clk 0:06:45]}
43. Ra5 {[%clk 0:00:28]} Rc3+ {[%clk 0:06:50]} 44. Kf4 {[%clk 0:00:35]} a3
{[%clk 0:06:52]} 45. g4 {[%clk 0:00:28]} fxg4 {[%clk 0:07:00]} 46. fxg4
{[%clk 0:00:36]} Rd3 {[%clk 0:05:47]} 47. g5 {[%clk 0:00:41]} Rxd4+
{[%clk 0:05:30]} 48. Ke3 {[%clk 0:00:44]} Rxh4 {[%clk 0:04:48]} 49. gxh6
{[%clk 0:00:42]} Ng4+ {[%clk 0:04:06]} 50. Kd4 {[%clk 0:00:11]} Ne5+
{[%clk 0:04:11]} 51. Kc3 {[%clk 0:00:13]} Rh3+ {[%clk 0:03:55]} 52. Kc2
{[%clk 0:00:22]} Nc4 {[%clk 0:03:56]} 53. Ra4 {[%clk 0:00:12]} Ne3+
{[%clk 0:03:50]} 54. Kb1 Nd5 {[%clk 0:03:54]} 55. Ra6+ {[%clk 0:00:19]} Kh7
{[%clk 0:04:03]} 56. Kc1 {[%clk 0:00:14]} Rh1+ {[%clk 0:04:07]} 57. Kd2
{[%clk 0:00:20]} a2 {[%clk 0:04:16]} 0-1

[Event "Memorial Kurnosova 2017"]
[Site "?"]
[Date "2017.09.09"]
[Round "9.10"]
[White "Yudin, Sergei"]
[Black "Frolov, Ivan"]
[Result "1-0"]
[LiveChessVersion "1.4.8"]
[BlackElo "2389"]
[WhiteElo "2610"]

1. e4 {[%clk 0:15:17]} e5 {[%clk 0:15:15]} 2. Nf3 {[%clk 0:15:23]} Nc6
{[%clk 0:15:23]} 3. Bc4 {[%clk 0:15:29]} Bc5 {[%clk 0:15:28]} 4. d3
{[%clk 0:15:22]} Nf6 {[%clk 0:15:34]} 5. O-O {[%clk 0:14:19]} d6 {[%clk 0:15:23]}
6. c3 {[%clk 0:14:21]} Bb6 {[%clk 0:14:12]} 7. Nbd2 {[%clk 0:14:07]} Ne7
{[%clk 0:14:17]} 8. Bb3 {[%clk 0:14:09]} c6 {[%clk 0:14:25]} 9. Nc4
{[%clk 0:13:30]} Bc7 {[%clk 0:14:33]} 10. Bg5 {[%clk 0:13:37]} Ng6
{[%clk 0:14:35]} 11. Nh4 {[%clk 0:13:44]} d5 {[%clk 0:11:28]} 12. exd5
{[%clk 0:12:34]} cxd5 {[%clk 0:11:36]} 13. Ne3 {[%clk 0:12:42]} Be6
{[%clk 0:11:39]} 14. Nhf5 {[%clk 0:12:44]} O-O {[%clk 0:11:36]} 15. Qf3
{[%clk 0:10:54]} d4 {[%clk 0:11:36]} 16. Ng4 {[%clk 0:10:46]} Nf4
{[%clk 0:09:22]} 17. Nxf6+ {[%clk 0:09:02]} gxf6 {[%clk 0:09:15]} 18. Bxf4
{[%clk 0:09:05]} Bxf5 {[%clk 0:09:13]} 19. Bh6 {[%clk 0:09:10]} Qd7
{[%clk 0:09:07]} 20. g4 {[%clk 0:08:34]} Bxd3 {[%clk 0:06:38]} 21. Qxd3
{[%clk 0:07:57]} Qxg4+ {[%clk 0:06:46]} 22. Kh1 {[%clk 0:07:49]} e4
{[%clk 0:06:06]} 23. Rg1 {[%clk 0:07:53]} 1-0

[Event "Memorial Kurnosova 2017"]
[Site "?"]
[Date "2017.09.10"]
[Round "10.2"]
[White "Riazantsev, Alexander"]
[Black "Predke, Alexandr"]
[Result "1-0"]
[LiveChessVersion "1.4.8"]
[BlackElo "2592"]
[WhiteElo "2703"]

1. d4 {[%clk 0:15:18]} e6 {[%clk 0:15:18]} 2. c4 {[%clk 0:15:23]} b6
{[%clk 0:15:26]} 3. Nc3 {[%clk 0:13:37]} f5 {[%clk 0:15:26]} 4. g3
{[%clk 0:13:36]} Bb7 {[%clk 0:15:33]} 5. Nf3 {[%clk 0:13:45]} Nf6
{[%clk 0:15:18]} 6. Bg2 {[%clk 0:13:54]} Bb4 {[%clk 0:14:49]} 7. Bd2
{[%clk 0:13:58]} O-O {[%clk 0:14:23]} 8. O-O {[%clk 0:14:07]} Qe7
{[%clk 0:14:22]} 9. Rc1 {[%clk 0:13:46]} d6 {[%clk 0:11:10]} 10. d5
{[%clk 0:12:51]} e5 {[%clk 0:11:18]} 11. Ng5 {[%clk 0:12:07]} Nbd7
{[%clk 0:11:22]} 12. a3 {[%clk 0:08:55]} Bxc3 {[%clk 0:11:21]} 13. Rxc3
{[%clk 0:09:04]} Nc5 {[%clk 0:09:36]} 14. Qc2 {[%clk 0:08:33]} h6
{[%clk 0:06:52]} 15. b4 {[%clk 0:08:41]} hxg5 {[%clk 0:07:01]} 16. bxc5
{[%clk 0:08:51]} Nh5 {[%clk 0:04:57]} 17. cxd6 {[%clk 0:07:25]} cxd6
{[%clk 0:05:02]} 18. a4 {[%clk 0:07:35]} e4 {[%clk 0:02:34]} 19. a5
{[%clk 0:07:44]} bxa5 {[%clk 0:01:44]} 20. c5 {[%clk 0:06:31]} Bxd5
{[%clk 0:01:27]} 21. cxd6 {[%clk 0:06:40]} Qxd6 {[%clk 0:01:34]} 22. Bxg5
{[%clk 0:06:49]} Qe6 {[%clk 0:00:57]} 23. e3 {[%clk 0:06:06]} Rfc8
{[%clk 0:01:06]} 24. Rc1 {[%clk 0:06:16]} Rxc3 {[%clk 0:01:02]} 25. Qxc3
{[%clk 0:06:25]} a4 {[%clk 0:01:11]} 26. Qa5 {[%clk 0:06:18]} Bb3
{[%clk 0:01:02]} 27. Bh3 {[%clk 0:06:14]} g6 {[%clk 0:00:54]} 28. Qc5
{[%clk 0:05:20]} Nf6 {[%clk 0:00:32]} 29. Bf1 {[%clk 0:04:38]} Nd7
{[%clk 0:00:31]} 30. Qa5 {[%clk 0:02:45]} Ne5 31. Kg2 Nf3 {[%clk 0:00:27]} 32. h4
{[%clk 0:03:04]} Rc8 {[%clk 0:00:24]} 33. Rxc8+ {[%clk 0:02:27]} Qxc8
{[%clk 0:00:33]} 34. Bf6 {[%clk 0:02:32]} Kf7 {[%clk 0:00:19]} 35. Bb2
{[%clk 0:02:32]} Qd7 {[%clk 0:00:15]} 36. Qc3 {[%clk 0:02:39]} Qe6
{[%clk 0:00:24]} 37. Bb5 {[%clk 0:02:08]} Qb6 {[%clk 0:00:16]} 38. Qg7+
{[%clk 0:02:11]} Ke6 {[%clk 0:00:24]} 39. Qd7# {[%clk 0:02:15]} Kd5 1-0

[Event "Memorial Kurnosova 2017"]
[Site "?"]
[Date "2017.09.10"]
[Round "10.3"]
[White "Gunina, Valentina"]
[Black "Yuffa, Daniil"]
[Result "1-0"]
[LiveChessVersion "1.4.8"]
[BlackElo "2554"]
[WhiteElo "2528"]

1. e4 {[%clk 0:15:18]} Nf6 {[%clk 0:15:19]} 2. e5 {[%clk 0:15:20]} Nd5
{[%clk 0:15:27]} 3. d4 {[%clk 0:15:28]} d6 {[%clk 0:15:36]} 4. Nf3
{[%clk 0:15:36]} dxe5 {[%clk 0:15:43]} 5. Nxe5 {[%clk 0:15:37]} c6
{[%clk 0:15:52]} 6. Be2 {[%clk 0:15:04]} Bf5 {[%clk 0:16:00]} 7. O-O
{[%clk 0:14:48]} Nd7 {[%clk 0:16:07]} 8. Nf3 {[%clk 0:13:47]} e6 {[%clk 0:16:16]}
9. c4 {[%clk 0:12:24]} N5f6 {[%clk 0:16:24]} 10. Bf4 {[%clk 0:12:24]} Be7
{[%clk 0:14:23]} 11. Nc3 {[%clk 0:12:27]} O-O {[%clk 0:14:19]} 12. h3
{[%clk 0:12:36]} Re8 {[%clk 0:14:03]} 13. a3 {[%clk 0:12:34]} a6 {[%clk 0:13:42]}
14. Bd3 {[%clk 0:11:40]} Bxd3 {[%clk 0:13:13]} 15. Qxd3 {[%clk 0:11:49]} b5
{[%clk 0:13:20]} 16. Rac1 {[%clk 0:11:22]} Rc8 {[%clk 0:12:40]} 17. Rfd1
{[%clk 0:10:53]} Nb6 {[%clk 0:11:50]} 18. Ne5 {[%clk 0:11:02]} Nfd7
{[%clk 0:08:59]} 19. Qf3 {[%clk 0:10:38]} Nxc4 {[%clk 0:07:03]} 20. Nxf7
{[%clk 0:09:03]} Qb6 {[%clk 0:07:10]} 21. Ng5 {[%clk 0:09:12]} Bxg5
{[%clk 0:06:47]} 22. Bxg5 {[%clk 0:09:21]} Rf8 {[%clk 0:06:23]} 23. Qe2
{[%clk 0:09:23]} Rce8 {[%clk 0:06:16]} 24. Ne4 {[%clk 0:09:18]} h6
{[%clk 0:04:48]} 25. Bh4 {[%clk 0:09:16]} e5 {[%clk 0:03:08]} 26. d5
{[%clk 0:09:24]} cxd5 {[%clk 0:02:48]} 27. Rxd5 {[%clk 0:09:32]} Qe6
{[%clk 0:02:06]} 28. Rcd1 {[%clk 0:09:41]} Rf4 {[%clk 0:00:38]} 29. Rxd7
{[%clk 0:08:50]} Rxh4 {[%clk 0:00:47]} 30. b3 {[%clk 0:08:54]} Nxa3
{[%clk 0:00:40]} 31. Qf3 {[%clk 0:09:03]} Qg6 {[%clk 0:00:39]} 32. R1d6
{[%clk 0:08:56]} Re6 {[%clk 0:00:16]} 33. Rd8+ {[%clk 0:08:44]} Kh7
{[%clk 0:00:25]} 34. Qf8 {[%clk 0:08:44]} Qxe4 {[%clk 0:00:20]} 35. Qg8+
{[%clk 0:08:48]} Kg6 {[%clk 0:00:28]} 36. Rxe6+ {[%clk 0:08:56]} Kh5
{[%clk 0:00:34]} 37. Qe8+ {[%clk 0:08:45]} 1-0

[Event "Memorial Kurnosova 2017"]
[Site "?"]
[Date "2017.09.10"]
[Round "10.4"]
[White "Ponkratov, Pavel"]
[Black "Iljiushenok, Ilia"]
[Result "0-1"]
[LiveChessVersion "1.4.8"]
[BlackElo "2563"]
[WhiteElo "2731"]

1. Nf3 {[%clk 0:15:13]} Nf6 {[%clk 0:15:12]} 2. d4 {[%clk 0:15:21]} g6
{[%clk 0:15:19]} 3. g3 {[%clk 0:15:30]} Bg7 {[%clk 0:15:21]} 4. Bg2
{[%clk 0:15:38]} O-O {[%clk 0:15:23]} 5. O-O {[%clk 0:15:46]} d6 {[%clk 0:15:30]}
6. b3 {[%clk 0:15:55]} e5 {[%clk 0:15:35]} 7. dxe5 {[%clk 0:15:32]} dxe5
{[%clk 0:15:43]} 8. Ba3 {[%clk 0:15:40]} Re8 {[%clk 0:14:55]} 9. Nc3
{[%clk 0:15:47]} Nc6 {[%clk 0:14:09]} 10. Qc1 {[%clk 0:13:40]} Bf5
{[%clk 0:13:25]} 11. h3 {[%clk 0:12:11]} Nd4 {[%clk 0:04:48]} 12. Kh2
{[%clk 0:05:00]} Qc8 {[%clk 0:01:12]} 13. Ne1 {[%clk 0:04:32]} e4
{[%clk 0:01:03]} 14. Qe3 {[%clk 0:03:36]} c5 {[%clk 0:01:01]} 15. Rd1
{[%clk 0:03:43]} b5 {[%clk 0:00:35]} 16. b4 {[%clk 0:02:42]} cxb4
{[%clk 0:00:34]} 17. Bxb4 {[%clk 0:02:51]} a5 {[%clk 0:00:43]} 18. Bd6
{[%clk 0:02:44]} b4 {[%clk 0:00:52]} 19. Rxd4 {[%clk 0:02:22]} bxc3
{[%clk 0:01:01]} 20. Rd1 {[%clk 0:02:23]} Qc4 {[%clk 0:01:00]} 21. Kh1
{[%clk 0:01:56]} Rad8 {[%clk 0:00:57]} 22. Rd4 {[%clk 0:01:52]} Qxa2
{[%clk 0:01:05]} 23. g4 {[%clk 0:01:40]} Bxg4 {[%clk 0:01:05]} 24. Be5
{[%clk 0:01:35]} Bf5 {[%clk 0:00:51]} 25. Rxd8 Rxd8 26. Qxc3 {[%clk 0:01:45]} Nd5
{[%clk 0:00:40]} 27. Qd4 {[%clk 0:01:48]} Bxe5 {[%clk 0:00:43]} 28. Qxe5
{[%clk 0:01:56]} Qc4 {[%clk 0:00:36]} 29. Nd3 {[%clk 0:00:47]} exd3
{[%clk 0:00:37]} 30. cxd3 {[%clk 0:00:56]} Qc7 {[%clk 0:00:46]} 31. Qxc7
{[%clk 0:00:59]} Nxc7 {[%clk 0:00:55]} 32. Ra1 {[%clk 0:01:08]} Re8
{[%clk 0:00:43]} 33. e4 {[%clk 0:01:15]} Bd7 {[%clk 0:00:47]} 34. Rxa5
{[%clk 0:01:23]} Ne6 {[%clk 0:00:24]} 35. Kh2 {[%clk 0:01:22]} Bc6
{[%clk 0:00:20]} 36. Kg3 {[%clk 0:01:26]} Rd8 {[%clk 0:00:29]} 37. Bf1
{[%clk 0:01:35]} g5 {[%clk 0:00:30]} 38. Kf3 {[%clk 0:01:40]} h6 {[%clk 0:00:36]}
39. Ke3 {[%clk 0:01:48]} Kg7 {[%clk 0:00:43]} 40. h4 {[%clk 0:01:53]} Kf6
{[%clk 0:00:16]} 41. hxg5+ {[%clk 0:01:59]} hxg5 {[%clk 0:00:25]} 42. Bh3
{[%clk 0:01:52]} Nd4 {[%clk 0:00:23]} 43. f4 {[%clk 0:01:48]} gxf4+
{[%clk 0:00:13]} 44. Kxf4 {[%clk 0:01:56]} Ne6+ {[%clk 0:00:19]} 45. Ke3
{[%clk 0:02:01]} Rh8 {[%clk 0:00:29]} 46. Bf5 {[%clk 0:01:59]} Rb8
{[%clk 0:00:26]} 47. Bg4 {[%clk 0:01:52]} Rb3 {[%clk 0:00:34]} 48. Bd1
{[%clk 0:01:53]} Rb1 {[%clk 0:00:42]} 49. Bc2 {[%clk 0:01:53]} Rh1
{[%clk 0:00:48]} 50. Bb3 {[%clk 0:01:54]} Rh3+ {[%clk 0:00:57]} 51. Kd2
{[%clk 0:01:55]} Nd4 {[%clk 0:00:55]} 52. Bc4 {[%clk 0:02:02]} Nf3+
{[%clk 0:00:45]} 53. Ke2 {[%clk 0:02:02]} Bd7 {[%clk 0:00:30]} 54. Ra6+
{[%clk 0:01:27]} Be6 {[%clk 0:00:34]} 55. Rb6 {[%clk 0:01:34]} Ke5
{[%clk 0:00:23]} 56. Bxe6 {[%clk 0:01:28]} fxe6 {[%clk 0:00:32]} 57. Rb8
{[%clk 0:01:37]} Nd4+ {[%clk 0:00:38]} 58. Kd2 {[%clk 0:01:29]} Rh2+
{[%clk 0:00:46]} 59. Kc1 {[%clk 0:01:23]} Kf4 {[%clk 0:00:54]} 60. Rg8
{[%clk 0:01:32]} Ke3 {[%clk 0:00:31]} 61. Rg3+ {[%clk 0:01:40]} Nf3
{[%clk 0:00:39]} 62. Rg6 {[%clk 0:01:26]} e5 {[%clk 0:00:48]} 63. Rg3
{[%clk 0:01:35]} Rf2 {[%clk 0:00:54]} 0-1

[Event "Memorial Kurnosova 2017"]
[Site "?"]
[Date "2017.09.10"]
[Round "10.5"]
[White "Smirnov, Pavel"]
[Black "Zvjaginsev, Vadim"]
[Result "1/2-1/2"]
[LiveChessVersion "1.4.8"]
[BlackElo "2621"]
[WhiteElo "2588"]

1. d4 {[%clk 0:15:18]} d5 {[%clk 0:15:18]} 2. c4 {[%clk 0:15:26]} e6
{[%clk 0:15:26]} 3. Nf3 {[%clk 0:15:34]} a6 {[%clk 0:15:34]} 4. e3
{[%clk 0:15:18]} Nf6 {[%clk 0:15:36]} 5. Nc3 {[%clk 0:15:26]} c5 {[%clk 0:15:34]}
6. cxd5 {[%clk 0:15:06]} exd5 {[%clk 0:15:41]} 7. Be2 {[%clk 0:15:12]} Nc6
{[%clk 0:15:38]} 8. O-O {[%clk 0:15:20]} Be6 {[%clk 0:15:30]} 9. b3
{[%clk 0:15:08]} Rc8 {[%clk 0:14:23]} 10. Bb2 {[%clk 0:14:23]} cxd4
{[%clk 0:14:27]} 11. Nxd4 {[%clk 0:14:32]} Nxd4 {[%clk 0:14:35]} 12. Qxd4
{[%clk 0:14:40]} Bc5 {[%clk 0:14:43]} 13. Qd3 {[%clk 0:14:48]} O-O
{[%clk 0:13:52]} 14. Rfd1 {[%clk 0:14:37]} Bd6 {[%clk 0:12:31]} 15. Rac1
{[%clk 0:12:36]} Qe7 {[%clk 0:10:40]} 16. e4 {[%clk 0:10:37]} Ba3
{[%clk 0:06:16]} 17. Nxd5 {[%clk 0:09:16]} Bxd5 {[%clk 0:06:10]} 18. Rxc8
{[%clk 0:09:03]} Rxc8 {[%clk 0:06:10]} 19. Bxa3 {[%clk 0:07:25]} Qxe4
{[%clk 0:06:01]} 20. Qxe4 {[%clk 0:07:04]} Bxe4 {[%clk 0:06:08]} 21. f3
{[%clk 0:07:03]} Bf5 {[%clk 0:05:32]} 22. Kf2 {[%clk 0:06:51]} h5
{[%clk 0:05:04]} 23. Rc1 {[%clk 0:05:49]} Rd8 {[%clk 0:05:01]} 24. Bb4
{[%clk 0:05:39]} Nd5 {[%clk 0:04:29]} 25. Ba5 {[%clk 0:04:25]} Rd7
{[%clk 0:04:28]} 26. g3 {[%clk 0:03:35]} Be6 {[%clk 0:03:14]} 27. Rd1
{[%clk 0:01:58]} g6 {[%clk 0:02:25]} 28. f4 {[%clk 0:01:37]} Bg4 {[%clk 0:01:58]}
29. Bf3 {[%clk 0:01:04]} Bxf3 {[%clk 0:01:53]} 1/2-1/2